000 00311nam a2200121Ia 4500
008 231129s1990||||xx |||||||||||||| ||spa||
082 _aHAJ- 0300
100 _aCalamata Danilo
245 0 _aEste enjambre de palabras
260 _c1990
264 _aChinchinĂ¡ Caldas: San Francisco 1990
942 _2ddc
_cBKS
999 _c13542
_d13542